| 000 | 00974cam a22002651 4500 | ||
|---|---|---|---|
| 001 | 4065782 | ||
| 005 | 19940715104910.8 | ||
| 008 | 700820s1968 nyu b 000 0 eng | ||
| 010 | _a 68011323 | ||
| 040 |
_aDLC _cDLC _dDLC |
||
| 043 | _ae-ur--- | ||
| 050 | 0 | 0 |
_aDK266 _b.U49 |
| 082 | 0 | 0 |
_a327.47 _bULA |
| 100 | 1 |
_aUlam, Adam Bruno, _d1922- _99705 |
|
| 245 | 1 | 0 |
_aExpansion And Coexistence; _bthe history of Soviet foreign policy, 1917-67 _c[by] Adam B. Ulman. |
| 260 |
_aNew York, _bPraeger _c[1968] |
||
| 300 |
_aviii, 775 p. _c24 cm. |
||
| 350 | _a12.95 | ||
| 500 | _aDonated By Alaa AbdEl Ghany | ||
| 504 | _aBibliographical footnotes. | ||
| 651 | 0 |
_aSoviet Union _xForeign relations. _99706 |
|
| 740 | 0 | _aHistory of Soviet foreign policy, 1917-67. | |
| 942 |
_2ddc _cBB |
||
| 999 |
_c12997 _d12997 |
||